Top 10 des pays avec le plus de McDonald's - Statistiques

Statistiques générales
  • Ce quiz a été pris 1 720 fois
  • Le résultat moyen est 8 sur 10
Statistiques - réponses
Nombre de franchise
McDo
Pays % Correct
1 419 France
99%
14 146 États-Unis
98%
1 450 Canada
85%
2 391 Chine
85%
1 470 Allemagne
84%
2 975 Japon
79%
1 274 Royaume-Uni
77%
609 Russie
77%
812 Brésil
67%
920 Australie
58%
Aucun quiz correspondant
Distribution des résultats
% des personnes avec chaque résultat
Percentile par nombre de réponses
Votre historique - résultats
Vous n’avez pas pris ce quiz